01090nam a22002057a 4500003000200000005001700002008004100019050002800060100002800088245016100116260007100277300005000348500008200398504005600480650005300536650007400589650007900663650007400742650006800816020250203143311.0250203b xxu||||| |||| 00| 0 eng d aHG 1616.P63b.In23 2023 aInacay, Justine Luis E. aThe level of satisfaction of gcash payment platform as perceived by micro and small enterprises business owners in parañaque city.cJustine Luis E. Inacay aLas Pinas CitybSouthville International School and Collegesc2023 avii, 171 pages:bcolored illustrations;c28cm aBachelor of Science in Business Administration Major in Marketing Management. aIncludes bibliographical references and appendices. aMobile payment systems – Philippines – GCash aFinancial technology (FinTech) – Digital transactions – E-wallets aBusiness satisfaction – Micro and small enterprises – Digital payments aElectronic commerce – Cashless transactions – Consumer perception aEntrepreneurship – Technology adoption – Financial services